Vplyv globalizácie a integrácie v koncepcii riadenia ľudských zdrojov

Vplyv globalizácie a integrácie v koncepcii riadenia ľudských zdrojov. Dôvodom dôležitosti zisťovania vplyvu globalizácie a integrácie je poznatok, že ľudský kapitál predstavuje v súčasnosti hybnú silu podnikania.

Gespeichert in:
Bibliographische Detailangaben
1. Verfasser: Galovská, Marcela
Format: Buchkapitel
Sprache:Slowakisch
Schlagworte:
Tags: Tag hinzufügen
Keine Tags, Fügen Sie das erste Tag hinzu!

MARC

LEADER 00000naa$a2200000$$$4500
001 0247779
005 20240502073950.7
041 0 |a slo 
044 |a SK 
245 1 0 |a Vplyv globalizácie a integrácie v koncepcii riadenia ľudských zdrojov  |c Marcela Galovská 
520 |a Vplyv globalizácie a integrácie v koncepcii riadenia ľudských zdrojov. Dôvodom dôležitosti zisťovania vplyvu globalizácie a integrácie je poznatok, že ľudský kapitál predstavuje v súčasnosti hybnú silu podnikania. 
610 2 0 |a zdroje ľudské 
610 2 0 |a riadenie ľudských zdrojov 
610 2 0 |a manažment personálny 
610 2 0 |a globalizácia 
610 2 0 |a integrácia 
100 1 |a Galovská, Marcela